00306nam a2200121Ia 4500008004100000100002300041245002900064260003300093300000800126650002600134942000700160999001700167190216s9999||||xx |||||||||||||| ||und|| aGangadharan Nair N 2aA Mirror Of Modern Prose bUniversity Of Calicutc1998 a99p aModern Indian History cBK c14170d14170